00410nam a2200133Ia 4500008004100000020001500041082001600056100002900072240003100101245007100132260002500203300001800228650003000246120622s9999 xx 000 0 und d a8485047176 a070.4bS58e aSherwood, Hugh C.eautor aThe journalistic interview aLa entrevistac / Hugh C. Sherwood ; traducción Alfonso Espinet aBarcelonab : A.T.E. a141 páginas14aENTREVISTAS EN PERIODISMO